S Ruskom už iba na základe dobrých obchodných vzťahov
Rozvoj podnikov chemického a farmaceutického priemyslu na Slovensku. Problém investícií, ochrany životného prostredia a revitalizácie. Získanie úverových zdrojov z tuzemského a zahraničného bankového systému.
Guardado en:
| Formato: | Libro |
|---|---|
| Lenguaje: | eslovaco |
| Materias: | |
| Etiquetas: |
Sin Etiquetas, Sea el primero en etiquetar este registro!
|
MARC
| LEADER | 00000nam a2200000 4500 | ||
|---|---|---|---|
| 001 | r030148 | ||
| 005 | 20230824093256.3 | ||
| 041 | 0 | |a slo | |
| 044 | |a SK | ||
| 245 | 1 | 0 | |a S Ruskom už iba na základe dobrých obchodných vzťahov |
| 520 | |a Rozvoj podnikov chemického a farmaceutického priemyslu na Slovensku. Problém investícií, ochrany životného prostredia a revitalizácie. Získanie úverových zdrojov z tuzemského a zahraničného bankového systému. | ||
| 610 | 2 | 0 | |a priemysel chemický |
| 610 | 2 | 0 | |a priemysel farmaceutický |
| 610 | 2 | 0 | |a Slovensko |
| 610 | 2 | 0 | |a investície |
| 610 | 2 | 0 | |a investície zahraničné |